书目信息 |
| 题名: |
塑料成型模局
|
|
| 作者: | 申开智 编著 | |
| 分册: | ||
| 出版信息: | 北京 中国轻工业出版社 2017.11 |
|
| 页数: | 485页 | |
| 开本: | 20cm | |
| 丛书名: | ||
| 单 册: | ||
| 中图分类: | TQ320 | |
| 科图分类: | ||
| 主题词: | 合成树脂--化学工业 , 塑料工业 | |
| 电子资源: | ||
| ISBN: | 978-7-5019-8963-8 | |
| 000 | 00616nam0 2200217 450 | |
| 001 | 2236160571 | |
| 005 | 20220526143635.14 | |
| 010 | @a978-7-5019-8963-8@dCNY58.00 | |
| 100 | @a20220523d2017 km y0chiy0120 ea | |
| 101 | 0 | @achi |
| 102 | @aCN@b110000 | |
| 200 | 1 | @a塑料成型模局@ASu Liao Cheng Xing Mo Ju@f申开智编著@FShen Kai Zhi Bian Zhu |
| 205 | @a3版 | |
| 210 | @a北京@c中国轻工业出版社@d2017.11 | |
| 215 | @a485页@d20cm | |
| 606 | 0 | @a合成树脂@x化学工业 |
| 606 | 0 | @a塑料工业 |
| 690 | @aTQ320@v4 | |
| 701 | 0 | @a申开智@AShen Kai Zhi@4编著 |
| 801 | 0 | @aCN@b河南城建学院图书馆@c20220523 |
| 905 | @dTQ320@eS367=3 | |
| 塑料成型模局/申开智编著.-3版.-北京:中国轻工业出版社,2017.11 |
| 485页;20cm |
| ISBN 978-7-5019-8963-8:CNY58.00 |
| ● |
| 相关链接 |
|
|
|
正题名:塑料成型模局
索取号:TQ320/S367=3
 
预约/预借
| 序号 | 登录号 | 条形码 | 馆藏地/架位号 | 状态 | 备注 |
| 1 | 1507471 | 215074719 | 自科库501/501自科库 140排5列2层/ [索取号:TQ320/S367=3] | 在馆 |